| 000 -LEADER |
| fixed length control field |
01341nam a22003617a 4500 |
| 003 - CONTROL NUMBER IDENTIFIER |
| control field |
OSt |
| 005 - DATE AND TIME OF LATEST TRANSACTION |
| control field |
20251204110307.0 |
| 008 - FIXED-LENGTH DATA ELEMENTS--GENERAL INFORMATION |
| fixed length control field |
251204b ||||| |||| 00| 0 eng d |
| 020 ## - INTERNATIONAL STANDARD BOOK NUMBER |
| International Standard Book Number |
9781665917476 |
| Qualifying information |
(paper over board) |
| 035 ## - SYSTEM CONTROL NUMBER |
| System control number |
22980967 |
| 040 ## - CATALOGING SOURCE |
| Original cataloging agency |
DLC |
| Language of cataloging |
eng |
| Description conventions |
rda |
| Transcribing agency |
DLC |
| Modifying agency |
DLC |
| -- |
KH8 |
| 082 ## - DEWEY DECIMAL CLASSIFICATION NUMBER |
| Classification number |
813.6 GIB |
| 100 1# - MAIN ENTRY--PERSONAL NAME |
| Personal name |
Gibbs, Stuart |
| Relator term |
author |
| 245 14 - TITLE STATEMENT |
| Title |
The quest of danger |
| Statement of responsibility, etc. |
Stuart Gibbs ; illustrated by Stacy Curtis. |
| 250 ## - EDITION STATEMENT |
| Edition statement |
First edition |
| 264 #1 - PRODUCTION, PUBLICATION, DISTRIBUTION, MANUFACTURE, AND COPYRIGHT NOTICE |
| Place of production, publication, distribution, manufacture |
New York |
| Name of producer, publisher, distributor, manufacturer |
Simon & Schuster Books for Young Readers |
| Date of production, publication, distribution, manufacture, or copyright notice |
2023 |
| 300 ## - PHYSICAL DESCRIPTION |
| Extent |
162 PAGES |
| Other physical details |
black and white illustration |
| Dimensions |
14 cm x 21 cm |
| 490 0# - SERIES STATEMENT |
| Series statement |
Once upon a Tim |
| Volume/sequential designation |
book 4 |
| 520 ## - SUMMARY, ETC. |
| Summary, etc. |
Knight-in-training Tim and his friends flee the hazardous Sea of Terror and head toward the city of Atlantis in pursuit of King Neptuna's stolen trident. |
| 521 ## - TARGET AUDIENCE NOTE |
| Target audience note |
Ages 7 to 10. |
| Source |
Simon & Schuster Books for Young Readers. |
| 521 ## - TARGET AUDIENCE NOTE |
| Target audience note |
Grades 4-6. |
| Source |
Simon & Schuster Books for Young Readers. |
| 650 #1 - SUBJECT ADDED ENTRY--TOPICAL TERM |
| Topical term or geographic name entry element |
Knights and knighthood |
| Form subdivision |
Fiction. |
| 650 #1 - SUBJECT ADDED ENTRY--TOPICAL TERM |
| Topical term or geographic name entry element |
Quests (Expeditions) |
| Form subdivision |
Fiction. |
| 650 #1 - SUBJECT ADDED ENTRY--TOPICAL TERM |
| Topical term or geographic name entry element |
Sea monsters |
| Form subdivision |
Fiction. |
| 650 #1 - SUBJECT ADDED ENTRY--TOPICAL TERM |
| Topical term or geographic name entry element |
Atlantis (Legendary place) |
| Form subdivision |
Fiction. |
| 650 #1 - SUBJECT ADDED ENTRY--TOPICAL TERM |
| Topical term or geographic name entry element |
Sea stories. |
| 650 #1 - SUBJECT ADDED ENTRY--TOPICAL TERM |
| Topical term or geographic name entry element |
Fantasy. |
| 650 #1 - SUBJECT ADDED ENTRY--TOPICAL TERM |
| Topical term or geographic name entry element |
Humorous stories. |
| 655 #7 - INDEX TERM--GENRE/FORM |
| Genre/form data or focus term |
fiction |
| 655 #7 - INDEX TERM--GENRE/FORM |
| Genre/form data or focus term |
fiction |
| 700 1# - ADDED ENTRY--PERSONAL NAME |
| Personal name |
Curtis, Stacy, |
| Relator term |
illustrator. |
| 942 ## - ADDED ENTRY ELEMENTS (KOHA) |
| Source of classification or shelving scheme |
|
| Koha item type |
Books - Fiction |